[Event "Stockholm op"]
[Site "Stockholm"]
[Date "2015.08.20"]
[Round "6"]
[White "Helin, Mikael"]
[Black "Jansson, Anders Owen"]
[Result "1-0"]
[WhiteElo "1878"]
[BlackElo "2115"]
[PlyCount "67"]
[EventDate "2015.08.17"]
[EventType "swiss"]
[EventRounds "9"]
[EventCountry "SWE"]
[SourceTitle "EXT 2016"]
[Source "ChessBase"]
[SourceDate "2015.10.08"]
[SourceVersion "1"]
[SourceVersionDate "2015.10.08"]
[SourceQuality "1"]

1. e4 d5 2. e5 c5 3. f4 Nc6 4. a3 Nh6 5. b4 cxb4 6. axb4 Nxb4 7. c3 Nc6 8. d4 Bg4 9. Nf3 e6 10. h3 Bxf3 11. Qxf3 Nf5 12. g3 Be7 13. h4 0-0 14. Bd3 f6 15. Bxf5 exf5 16. e6 Qd6 17. Qe3 Nd8 18. 0-0 Qxe6 19. Qf2 Nc6 20. Nd2 Rfe8 21. Rb1 b6 22. Re1 Qd7 23. Nf1 Bf8 24. Ne3 Re4 25. Rb5 Ne7 26. Qb2 Rc8 27. Bd2 Rc6 28. Qb3 Rd6 29. Kf2 g6 30. Bc1 Bh6 31. Ba3 Rde6 32. Bxe7 Qxe7 33. Nxd5 Re2+ 34. Kf3 1-0

[Event "Stockholm op 08"]
[Site "Stockholm"]
[Date "2014.08.21"]
[Round "6"]
[White "Lokander, Martin"]
[Black "Jansson, Anders Owen"]
[Result "1-0"]
[WhiteElo "2320"]
[BlackElo "2093"]
[PlyCount "69"]
[EventDate "2014.08.18"]
[EventType "swiss"]
[EventRounds "9"]
[EventCountry "SWE"]
[SourceTitle "CBM 161 Extra"]
[Source "ChessBase"]
[SourceDate "2014.08.29"]
[SourceVersion "1"]
[SourceVersionDate "2014.08.29"]
[SourceQuality "1"]

1. d4 Nf6 2. Bg5 e6 3. e4 h6 4. Bxf6 Qxf6 5. c3 d6 6. Bd3 e5 7. Ne2 Nc6 8. Bb5 Bd7 9. d5 Nb8 10. Qb3 c6 11. Bc4 b6 12. a4 Be7 13. a5 Bd8 14. 0-0 0-0 15. a6 Qg6 16. Nd2 Bg5 17. f4 exf4 18. Nxf4 Bxf4 19. Rxf4 c5 20. Nf3 Bg4 21. Bb5 Bxf3 22. Rxf3 Qxe4 23. Rff1 Qe7 24. Rae1 Qd8 25. Qa4 Qg5 26. Qe4 Qd8 27. Qe7 Qc8 28. Qb7 c4 29. Qxc8 Rxc8 30. Re7 f6 31. Rfe1 Rc5 32. Re8+ Kh7 33. Ba4 Rxd5 34. Bc2+ f5 35. g4 1-0

[Event "Stockholm op"]
[Site "Stockholm"]
[Date "2013.08.10"]
[Round "8"]
[White "Jansson, Anders Owen"]
[Black "Olund, Joar"]
[Result "1/2-1/2"]
[WhiteElo "2116"]
[BlackElo "2226"]
[PlyCount "31"]
[EventDate "2013.08.05"]
[EventType "swiss"]
[EventRounds "9"]
[EventCountry "SWE"]
[SourceTitle "CBM 155 Extra"]
[Source "ChessBase"]
[SourceDate "2013.08.26"]
[SourceVersion "1"]
[SourceVersionDate "2013.08.26"]
[SourceQuality "1"]

1. Nf3 g6 2. c4 Bg7 3. Nc3 d6 4. d4 Nf6 5. e4 0-0 6. Be2 e5 7. Be3 Ng4 8. Bg5 f6 9. Bh4 g5 10. Bg3 Nh6 11. 0-0 g4 12. Nh4 Nc6 13. d5 Nd4 14. Bd3 c6 15. Ne2 Qb6 16. Rb1 1/2-1/2

[Event "Stockholm op"]
[Site "Stockholm"]
[Date "2013.08.08"]
[Round "6"]
[White "Evertsson, Rune"]
[Black "Jansson, Anders Owen"]
[Result "0-1"]
[WhiteElo "1983"]
[BlackElo "2116"]
[PlyCount "82"]
[EventDate "2013.08.05"]
[EventType "swiss"]
[EventRounds "9"]
[EventCountry "SWE"]
[SourceTitle "CBM 155 Extra"]
[Source "ChessBase"]
[SourceDate "2013.08.26"]
[SourceVersion "1"]
[SourceVersionDate "2013.08.26"]
[SourceQuality "1"]

1. e4 c5 2. c3 Nf6 3. e5 Nd5 4. d4 cxd4 5. cxd4 Nc6 6. Nc3 Nxc3 7. bxc3 d5 8. Bd3 e6 9. f4 Bd7 10. Nf3 Na5 11. 0-0 Rc8 12. Ng5 Be7 13. Nxh7 Rxc3 14. Rf3 Qb6 15. Rb1 Qxd4+ 16. Kh1 Rxh7 17. Bb2 Rxd3 18. Bxd4 Rxd1+ 19. Rxd1 b6 20. Rc1 Nc4 21. Bc3 Bc5 22. Rb1 Ba4 23. Re1 Bc2 24. Rc1 Be4 25. Rg3 Bf2 26. Rg4 Bf5 27. Rg5 Bh4 28. Rxf5 exf5 29. Rd1 Rh6 30. Rxd5 Rc6 31. g3 Be7 32. Rd3 Rc7 33. e6 fxe6 34. Bxg7 Kf7 35. Bc3 Bf6 36. Bb4 a5 37. Be1 Ke7 38. Kg2 Rd7 39. Rb3 Rd1 40. Bf2 Rd2 41. Kf3 Rxa2 0-1

[Event "SWE-chT2 1213"]
[Site "Sweden"]
[Date "2013.03.15"]
[Round "7"]
[White "Mohammadi, Amir"]
[Black "Jansson, Anders Owen"]
[Result "1-0"]
[WhiteElo "2224"]
[BlackElo "2113"]
[PlyCount "63"]
[EventDate "2012.10.20"]
[EventType "team-tourn"]
[EventRounds "9"]
[EventCountry "SWE"]
[SourceTitle "EXT 2015"]
[Source "ChessBase"]
[SourceDate "2014.11.20"]
[SourceVersion "1"]
[SourceVersionDate "2014.11.20"]
[SourceQuality "1"]
[WhiteTeam "Kamraterna"]
[BlackTeam "Sollentuna"]
[WhiteTeamCountry "SWE"]
[BlackTeamCountry "SWE"]

1. e4 c5 2. Nc3 Nc6 3. g3 g6 4. Bg2 Bg7 5. d3 d6 6. Be3 Nf6 7. h3 Rb8 8. f4 0-0 9. Nf3 b5 10. 0-0 b4 11. Ne2 a5 12. Qe1 a4 13. Rd1 Ne8 14. b3 Nc7 15. g4 Nb5 16. Qf2 Ra8 17. e5 axb3 18. axb3 Ra2 19. Rd2 Bb7 20. c4 Rxd2 21. Nxd2 Nc7 22. exd6 exd6 23. d4 Re8 24. d5 Nb8 25. Ne4 Qe7 26. f5 Nd7 27. N2g3 Be5 28. Kh1 Bc8 29. Bf4 f6 30. g5 Rf8 31. Bxe5 fxe5 32. f6 1-0

[Event "SWE-chT2 1213"]
[Site "Sweden"]
[Date "2012.12.02"]
[Round "4"]
[White "Jansson, Anders Owen"]
[Black "Hansen, Anders"]
[Result "0-1"]
[WhiteElo "2113"]
[BlackElo "2001"]
[PlyCount "88"]
[EventDate "2012.10.20"]
[EventType "team-tourn"]
[EventRounds "9"]
[EventCountry "SWE"]
[SourceTitle "EXT 2015"]
[Source "ChessBase"]
[SourceDate "2014.11.20"]
[SourceVersion "1"]
[SourceVersionDate "2014.11.20"]
[SourceQuality "1"]
[WhiteTeam "Sollentuna"]
[BlackTeam "Limhamn II"]
[WhiteTeamCountry "SWE"]
[BlackTeamCountry "SWE"]

1. Nf3 Nf6 2. c4 e6 3. Nc3 d5 4. d4 Bb4 5. Qa4+ Nc6 6. Bd2 Bd7 7. Qc2 0-0 8. e3 Re8 9. a3 Bf8 10. b4 dxc4 11. Bxc4 a6 12. 0-0 h6 13. e4 b5 14. Bb3 a5 15. e5 Nh7 16. d5 exd5 17. Bxd5 Nxe5 18. Nxe5 Rxe5 19. Bxa8 Qxa8 20. Bf4 Rf5 21. Bxc7 Qc6 22. Bxa5 Bd6 23. Rac1 Ng5 24. f3 Bf4 25. Ne2 Be3+ 26. Kh1 Bxc1 27. Qxc6 Bxc6 28. Rxc1 Bd7 29. Rd1 Be6 30. Kg1 Bc4 31. Rd8+ Kh7 32. Nd4 Re5 33. Kf2 Re7 34. Rb8 Rd7 35. Ke3 f6 36. Rd8 Re7+ 37. Kf2 Nf7 38. Bb6 Nxd8 39. Bxd8 Ra7 40. Ba5 Rd7 41. Ke3 g5 42. Bb6 Kg6 43. g4 h5 44. Ke4 Re7+ 0-1

[Event "Stockholm op 08"]
[Site "Stockholm"]
[Date "2012.08.??"]
[Round "9"]
[White "Jansson, Anders Owen"]
[Black "Bergstrom, Rolf"]
[Result "0-1"]
[WhiteElo "2099"]
[BlackElo "2277"]
[PlyCount "64"]
[EventDate "2012.08.??"]
[EventType "swiss"]
[EventRounds "9"]
[EventCountry "SWE"]
[SourceTitle "EXT 2013"]
[Source "ChessBase"]
[SourceDate "2012.11.22"]
[SourceVersion "1"]
[SourceVersionDate "2012.11.22"]
[SourceQuality "1"]

1. Nf3 b6 2. e4 Bb7 3. Nc3 Nf6 4. Bd3 e6 5. 0-0 Be7 6. e5 Nd5 7. Re1 0-0 8. Ne4 d6 9. Bf1 dxe5 10. Nxe5 c5 11. d3 f6 12. Nc4 e5 13. Ng3 Qd7 14. Be2 Nc6 15. a4 Rae8 16. Bf3 Bd8 17. Nf5 Bc7 18. Ncd6 Bxd6 19. Bxd5+ Kh8 20. Nh4 g5 21. Nf3 Bc7 22. Be4 f5 23. Bxc6 Qxc6 24. Bxg5 Rg8 25. Bh4 h6 26. Kf1 e4 27. dxe4 fxe4 28. Nd2 e3 29. Qf3 exd2 30. Rxe8 Ba6+ 31. Re2 Qxf3 32. gxf3 Re8 0-1

[Event "Stockholm op 08"]
[Site "Stockholm"]
[Date "2012.08.??"]
[Round "3"]
[White "Jansson, Anders Owen"]
[Black "Henriksson, Johan"]
[Result "0-1"]
[WhiteElo "2099"]
[BlackElo "2288"]
[PlyCount "92"]
[EventDate "2012.08.??"]
[EventType "swiss"]
[EventRounds "9"]
[EventCountry "SWE"]
[SourceTitle "EXT 2013"]
[Source "ChessBase"]
[SourceDate "2012.11.22"]
[SourceVersion "1"]
[SourceVersionDate "2012.11.22"]
[SourceQuality "1"]

1. Nf3 Nf6 2. c4 c6 3. g3 d5 4. Bg2 Nbd7 5. d4 dxc4 6. 0-0 e6 7. Nbd2 b5 8. a4 Bb7 9. e4 Be7 10. e5 Nd5 11. Ne4 N7b6 12. Bg5 f6 13. exf6 gxf6 14. Bh6 Nxa4 15. Bh3 Qd7 16. Rxa4 bxa4 17. Re1 Nc7 18. Bg7 0-0-0 19. Nxf6 Bxf6 20. Bxf6 c5 21. Bxh8 Rxh8 22. Bg2 Rd8 23. Ne5 Qxd4 24. Bxb7+ Kxb7 25. Qxa4 Rf8 26. Re3 c3 27. Qb3+ Qb4 28. Qc2 Qxb2 29. Qe4+ Nd5 30. Qxh7+ Ka8 31. Nd3 c2 32. Re1 Qd4 33. Qh6 Rh8 34. Qxe6 Qxd3 35. Qc6+ Kb8 36. Qd6+ Kb7 37. Qd7+ Kb6 38. Qd6+ Kb5 39. Qd7+ Kb4 40. Qb7+ Nb6 41. Qxa7 Rh6 42. Qg7 Rd6 43. Qb2+ Qb3 44. Re4+ Rd4 45. Rxd4+ cxd4 46. Qxd4+ Nc4 0-1

[Event "Rilton Cup 41st"]
[Site "Stockholm"]
[Date "2011.12.27"]
[Round "1"]
[White "Jansson, Anders Owen"]
[Black "L'Ami, Alina"]
[Result "0-1"]
[WhiteElo "2106"]
[BlackElo "2364"]
[PlyCount "44"]
[EventDate "2011.12.27"]
[EventType "swiss"]
[EventRounds "9"]
[EventCountry "SWE"]
[SourceTitle "CBM 146 Extra"]
[Source "ChessBase"]
[SourceDate "2012.02.29"]
[SourceVersion "1"]
[SourceVersionDate "2012.02.29"]
[SourceQuality "1"]

1. Nf3 Nf6 2. c4 g6 3. Nc3 Bg7 4. e4 d6 5. d4 0-0 6. Be2 e5 7. Be3 exd4 8. Nxd4 Re8 9. f3 c6 10. Bf2 d5 11. exd5 cxd5 12. c5 Nc6 13. 0-0 Nh5 14. g3 Qg5 15. Kh1 Bh3 16. Rg1 Qe7 17. Nxc6 bxc6 18. Re1 Qb7 19. Qd2 Rab8 20. b3 Qb4 21. Rac1 Re6 22. Red1 Bxc3 0-1

[Event "Norrkoeping Easter op"]
[Site "Norrkoeping"]
[Date "2010.04.04"]
[Round "6"]
[White "Jansson, Anders Owen"]
[Black "Eriksson, Anders"]
[Result "0-1"]
[WhiteElo "2139"]
[BlackElo "2357"]
[PlyCount "122"]
[EventDate "2010.04.02"]
[EventType "swiss"]
[EventRounds "8"]
[EventCountry "SWE"]
[SourceTitle "CBM 135 Extra"]
[Source "ChessBase"]
[SourceDate "2010.05.04"]
[SourceVersion "1"]
[SourceVersionDate "2010.05.04"]
[SourceQuality "1"]

1. Nf3 c5 2. c4 Nc6 3. d4 cxd4 4. Nxd4 g6 5. e4 Bg7 6. Be3 Nf6 7. Nc3 d6 8. Be2 0-0 9. 0-0 Bd7 10. Qd2 Nxd4 11. Bxd4 Bc6 12. f3 Nd7 13. Be3 a5 14. b3 Nc5 15. Rab1 f5 16. exf5 gxf5 17. Nd5 e6 18. Bg5 Qb8 19. Ne7+ Kf7 20. Rbd1 Be5 21. Qe1 h6 22. Nxc6 bxc6 23. Be3 Nd7 24. f4 Bf6 25. Bh5+ Ke7 26. Bf3 Qc7 27. Bc1 Rae8 28. Bh5 Rd8 29. Ba3 c5 30. Rd3 Bd4+ 31. Kh1 Nf6 32. Bf3 Kf7 33. Bc1 d5 34. Bd2 Qa7 35. Qh4 dxc4 36. Bh5+ Ke7 37. Rg3 Kd6 38. bxc4 Ne4 39. Rd3 Rb8 40. Bf3 Qa6 41. Rc1 Nxd2 42. Rxd2 Rb2 43. Rxb2 Bxb2 44. Rd1+ Bd4 45. Rb1 Qxc4 46. Qxh6 Rh8 47. Qg6 Qxa2 48. Rb6+ Ke7 49. Qg5+ Kd7 50. h4 Qa1+ 51. Kh2 Rxh4+ 52. Qxh4 Qg1+ 53. Kh3 Qh1+ 54. Kg3 Bf2+ 55. Kxf2 Qxh4+ 56. g3 Qh8 57. Ra6 Qd4+ 58. Kg2 Qb4 59. Ra7+ Kd6 60. Ra6+ Ke7 61. Ra7+ Kd6 0-1

[Event "SWE-chC"]
[Site "Vadso"]
[Date "2008.06.30"]
[Round "3"]
[White "Jansson, Anders Owen"]
[Black "Lind, Jan Olov"]
[Result "1-0"]
[WhiteElo "2189"]
[BlackElo "2206"]
[PlyCount "97"]
[EventDate "2008.06.28"]
[EventType "tourn"]
[EventRounds "13"]
[EventCountry "SWE"]
[SourceTitle "CBM 125 Extra"]
[Source "ChessBase"]
[SourceDate "2008.09.01"]
[SourceVersion "1"]
[SourceVersionDate "2008.09.01"]
[SourceQuality "1"]

1. Nf3 Nf6 2. c4 g6 3. Nc3 Bg7 4. e4 d6 5. d4 0-0 6. Be2 Nbd7 7. 0-0 e5 8. Be3 h6 9. dxe5 dxe5 10. h3 c6 11. Nd2 Qe7 12. Nb3 Nh7 13. Qd2 Qh4 14. f3 h5 15. Rad1 Re8 16. c5 Ndf8 17. Bf2 Qf6 18. Na5 Ne6 19. Nc4 Nf4 20. h4 Be6 21. Nd6 Re7 22. Kh2 Rd7 23. g3 Nxe2 24. Qxe2 Rad8 25. Rd2 Bh6 26. Be3 Bxe3 27. Qxe3 Qe7 28. Rfd1 Kg7 29. b4 f6 30. Rg2 Nf8 31. g4 hxg4 32. fxg4 Kh7 33. h5 g5 34. Rf1 Rxd6 35. cxd6 Rxd6 36. Qxa7 Bc4 37. Rf3 Ne6 38. Rff2 Rd3 39. Ne2 Re3 40. Ng3 Rd3 41. Nf5 Qd7 42. Ne3 Ba6 43. Rxf6 Nf4 44. Rf2 Qe7 45. Rh6+ Kg8 46. Rxc6 Rxe3 47. Rc8+ Kg7 48. Qxe3 Qd7 49. Qc5 1-0

[Event "Rilton Cup 36th"]
[Site "Stockholm"]
[Date "2006.12.28"]
[Round "2"]
[White "Bindrich, Falko"]
[Black "Jansson, Anders Owen"]
[Result "1-0"]
[WhiteElo "2482"]
[BlackElo "2215"]
[PlyCount "61"]
[EventDate "2006.12.27"]
[EventType "swiss"]
[EventRounds "9"]
[EventCountry "SWE"]
[SourceTitle "CBM 116 Extra"]
[Source "ChessBase"]
[SourceDate "2007.03.07"]
[SourceVersion "1"]
[SourceVersionDate "2007.03.07"]
[SourceQuality "1"]

1. Nf3 d6 2. e4 Nf6 3. Nc3 g6 4. d4 Bg7 5. Be2 0-0 6. 0-0 Bg4 7. Bg5 h6 8. Be3 Nc6 9. Qd2 Kh7 10. Rad1 e5 11. d5 Ne7 12. h3 Bd7 13. h4 Ng4 14. Nh2 Nxe3 15. fxe3 f5 16. h5 Qe8 17. Bd3 gxh5 18. exf5 Nxf5 19. Ne4 Kh8 20. Rf3 h4 21. Rdf1 Qh5 22. Qb4 b6 23. Qc3 Rfc8 24. Ba6 c6 25. Bxc8 Rxc8 26. Rxf5 Bxf5 27. Nxd6 e4 28. Qd2 Rf8 29. dxc6 h3 30. c7 Be5 31. Rxf5 1-0

[Event "Rilton Cup 34th"]
[Site "Stockholm"]
[Date "2005.01.02"]
[Round "6"]
[White "Kosmo, Santul"]
[Black "Jansson, Anders Owen"]
[Result "1-0"]
[WhiteElo "2206"]
[BlackElo "2128"]
[PlyCount "79"]
[EventDate "2004.12.27"]
[EventType "swiss"]
[EventRounds "9"]
[EventCountry "SWE"]
[SourceTitle "CBM 104 Extra"]
[Source "ChessBase"]
[SourceDate "2005.03.01"]
[SourceVersion "1"]
[SourceVersionDate "2005.03.01"]
[SourceQuality "1"]

1. e4 c5 2. Nf3 Nc6 3. Bb5 g6 4. 0-0 Bg7 5. c3 Nf6 6. Qa4 0-0 7. d4 d5 8. Bxc6 dxe4 9. Ne5 bxc6 10. Qxc6 Qd5 11. Qxc5 Qxc5 12. dxc5 Ba6 13. Re1 Rfd8 14. Nc6 Rd7 15. Nd4 e5 16. Nb3 Rad8 17. N1d2 Bd3 18. h3 Bf8 19. g4 h6 20. Nf1 Nd5 21. Ng3 f5 22. gxf5 gxf5 23. Nxf5 Rf7 24. Ng3 Nf4 25. Bxf4 Rxf4 26. Rad1 Rc8 27. Nd2 Bxc5 28. Ndxe4 Bc4 29. Nxc5 Rxc5 30. Rd8+ Kg7 31. Rd7+ Rf7 32. Nf5+ Kf6 33. Rxf7+ Kxf7 34. Nxh6+ Kg6 35. Ng4 Bxa2 36. Rxe5 Rc7 37. Kg2 Rb7 38. b4 Rc7 39. Re3 Bd5+ 40. Kg3 1-0

[Event "SWE-chT 0506"]
[Site "Sweden"]
[Date "2005.??.??"]
[Round "4"]
[White "Rosberg, Simon"]
[Black "Jansson, Anders Owen"]
[Result "1-0"]
[WhiteElo "2060"]
[BlackElo "2230"]
[PlyCount "141"]
[EventDate "2005.10.??"]
[EventType "team-tourn"]
[EventRounds "11"]
[EventCountry "SWE"]
[SourceTitle "EXT 2008"]
[Source "ChessBase"]
[SourceDate "2007.11.25"]
[SourceVersion "1"]
[SourceVersionDate "2007.11.25"]
[SourceQuality "1"]
[WhiteTeam "Linkoping"]
[BlackTeam "Sollentuna"]
[WhiteTeamCountry "SWE"]
[BlackTeamCountry "SWE"]

1. e4 c5 2. Nf3 Nc6 3. Bb5 g6 4. 0-0 Bg7 5. Bxc6 dxc6 6. Nc3 e5 7. d3 b6 8. a4 a5 9. Be3 Ne7 10. Nd2 Be6 11. Kh1 Ra7 12. Qe2 0-0 13. Rae1 h6 14. f4 exf4 15. Bxf4 Kh7 16. Nd1 Bc8 17. Nc4 Ba6 18. b3 Nc8 19. Qg4 b5 20. Ne5 Qe8 21. Nf3 c4 22. axb5 cxb5 23. Ne3 cxd3 24. cxd3 Ne7 25. Qh4 Bc8 26. Bd6 Kg8 27. Nd5 g5 28. Qf2 Rd7 29. Nxe7+ Rxe7 30. Bxe7 Qxe7 31. Nd4 Qb4 32. Nf5 Bxf5 33. Qxf5 Qxb3 34. Rb1 Qxd3 35. Qxb5 Qxb5 36. Rxb5 Bc3 37. Rc5 Bb4 38. Rc4 Re8 39. g3 Re7 40. Kg2 Rd7 41. Rf2 Kg7 42. Re2 Rd2 43. Rxd2 Bxd2 44. e5 Kg6 45. g4 Bf4 46. Rc6+ Kg7 47. Rc5 a4 48. Ra5 a3 49. Rxa3 Bxe5 50. Ra6 f6 51. h3 Kg6 52. Kf3 h5 53. Ke4 hxg4 54. hxg4 Bf4 55. Kd5 Be5 56. Ke6 Bd4 57. Ra8 Be5 58. Rg8+ Kh7 59. Kf7 Bg3 60. Rg7+ Kh6 61. Rg6+ Kh7 62. Rxf6 Bf4 63. Rb6 Bg3 64. Rb1 Bf2 65. Rh1+ Bh4 66. Rxh4+ gxh4 67. g5 h3 68. g6+ Kh6 69. g7 Kg5 70. g8Q+ Kh4 71. Qg1 1-0

[Event "Rilton Cup 34th"]
[Site "Stockholm"]
[Date "2004.12.27"]
[Round "1"]
[White "Akesson, Ralf"]
[Black "Jansson, Anders Owen"]
[Result "1/2-1/2"]
[WhiteElo "2472"]
[BlackElo "2128"]
[PlyCount "81"]
[EventDate "2004.12.27"]
[EventType "swiss"]
[EventRounds "9"]
[EventCountry "SWE"]
[SourceTitle "CBM 104 Extra"]
[Source "ChessBase"]
[SourceDate "2005.03.01"]
[SourceVersion "1"]
[SourceVersionDate "2005.03.01"]
[SourceQuality "1"]

1. d4 d6 2. e4 Nf6 3. f3 d5 4. e5 Nfd7 5. f4 c5 6. c3 Nc6 7. Nf3 cxd4 8. cxd4 Nb6 9. Be2 Bf5 10. 0-0 e6 11. a3 Be7 12. Nc3 0-0 13. h3 Rc8 14. Bd3 Qd7 15. Bxf5 exf5 16. Ne2 Na5 17. b3 Nc6 18. Qd3 g6 19. Bd2 Nd8 20. Kh2 h5 21. Bb4 Ne6 22. Qd2 Rc6 23. Bxe7 Qxe7 24. Ne1 Rfc8 25. Ra2 Qc7 26. Rg1 Qe7 27. Nd3 R6c7 28. a4 Na8 29. Re1 Qd7 30. Rb1 b6 31. Rbb2 a5 32. Rc2 Rxc2 33. Rxc2 Rxc2 34. Qxc2 Qc7 35. Qxc7 Naxc7 36. g4 fxg4 37. hxg4 hxg4 38. Kg3 Ng7 39. Kxg4 Nf5 40. Ne1 Kf8 41. Nc2 1/2-1/2

[Event "Stockholm Kristallen KM op"]
[Site "Stockholm"]
[Date "1995.??.??"]
[Round "8"]
[White "Furhoff, Johan"]
[Black "Jansson, Anders Owen"]
[Result "1-0"]
[WhiteElo "2345"]
[BlackElo "2130"]
[PlyCount "29"]
[EventDate "1995.??.??"]
[EventType "swiss"]
[EventRounds "9"]
[EventCountry "SWE"]
[SourceTitle "EXT 2004"]
[Source "ChessBase"]
[SourceDate "2003.11.25"]
[SourceVersion "1"]
[SourceVersionDate "2003.11.25"]
[SourceQuality "1"]

1. e4 c5 2. Nf3 Nc6 3. d4 cxd4 4. Nxd4 Nf6 5. Nc3 e5 6. Ndb5 d6 7. Nd5 Nxd5 8. exd5 Nb8 9. c4 Be7 10. Bd3 0-0 11. 0-0 f5 12. c5 Na6 13. cxd6 Bxd6 14. Be3 Rf6 15. Bg5 1-0